The Architecture of the Development of Impact in the Tourism Sphere of the Odessa Region in the Context of Globalization and European Integration

Investičná aktivita je kľúčom k hospodárskemu rastu každej krajiny. Preto je otázka, ako ju aktivovať obzvlášť dôležitá v súčasných výzvach. Investície, ako ukazuje história, sú účinným prostriedkom rozvoja ekonomiky krajiny. Ďalší sociálno-ekonomický rozvoj Ukrajiny teda závisí od vytvorenia priazn...

Ausführliche Beschreibung

Gespeichert in:
Bibliographische Detailangaben
1. Verfasser: Kazavchynskyy, Dmytro
Weitere Verfasser: Pavlíková, Žaneta, 1973-
Format: Buchkapitel
Sprache:Englisch
Schlagworte:
Tags: Tag hinzufügen
Keine Tags, Fügen Sie das erste Tag hinzu!

MARC

LEADER 00000naa$a2200000$$$4500
001 0313998
005 20260114102750.2
041 0 |a eng 
044 |a UA 
245 1 0 |a The Architecture of the Development of Impact in the Tourism Sphere of the Odessa Region in the Context of Globalization and European Integration  |c Dmytro Kazavchynskyy, Žaneta Pavlíková 
520 |a Investičná aktivita je kľúčom k hospodárskemu rastu každej krajiny. Preto je otázka, ako ju aktivovať obzvlášť dôležitá v súčasných výzvach. Investície, ako ukazuje história, sú účinným prostriedkom rozvoja ekonomiky krajiny. Ďalší sociálno-ekonomický rozvoj Ukrajiny teda závisí od vytvorenia priaznivého prostredia pre investície. 
610 2 0 |a rozvoj hospodársky 
610 2 0 |a Ukrajina 
610 2 0 |a ruch cestovný 
610 2 0 |a regióny 
610 2 0 |a rozvoj regionálny 
610 2 0 |a globalizácia 
610 2 0 |a integrácia 
610 2 0 |a integrácia ekonomická medzinárodná 
610 2 0 |a Európska únia 
100 1 |a Kazavchynskyy, Dmytro 
700 1 |a Pavlíková, Žaneta, 1973-